00737cam a2200205 a 4500020002800000020003100028020001500059020001800074040000800092082002600100100002100126245005700147260004800204300003500252500002000287520017300307650001700480650001700497650001700514 a0300028709 (alk. paper) a9780300028706 (alk. paper) a0300042124 a9780300042122 cDLC a720 YAL 1986 A085 Or.1 aOlsen, Donald J.14aThe city as a work of art :bLondon, Paris, Vienna / aNew Haven :bYale University Press,cc1986. axiii, 341 p. :bill. ;c29 cm. aIncludes index. aExamines public buildings and homes in ninteenth-century London, Paris, and Vienna, and explains how each city reflected the characteristic lifestyle of its population. 0aArchitecture 0aArchitecture 0aArchitecture